Rolling Stones top 100 greatest artists of all time - Statistics

General Stats
  • This quiz has been taken 6,760 times
  • The average score is 33 of 100
Answer Stats
Hint Answer % Correct
1 Beatles
91%
4 The Rolling Stones
90%
3 Elvis Presley
82%
35 Michael Jackson
79%
2 Bob Dylan
71%
14 Led Zeppelin
71%
30 Nirvana
64%
36 Madonna
62%
52 Queen
61%
9 Aretha Franklin
60%
29 The Who
59%
6 Jimi Hendrix
57%
51 Pink Floyd
57%
72 AC/DC
56%
49 Elton John
56%
38 John Lennon
56%
27 Prince
53%
12 The Beach Boys
53%
61 Metallica
52%
39 David Bowie
51%
22 U2
51%
23 Bruce Springsteen
47%
5 Chuck Berry
47%
15 Stevie Wonder
46%
41 The Doors
46%
55 Eric Clapton
45%
85 Black Sabbath
44%
75 Eagles
44%
59 Aerosmith
43%
83 Eminem
43%
31 Johnny Cash
43%
92 Guns n' Roses
42%
10 Ray Charles
42%
28 The Clash
42%
11 Bob Marley
41%
46 Janis Joplin
41%
18 Marvin Gaye
41%
13 Buddy Holly
40%
7 James Brown
38%
26 The Ramones
38%
67 Cream
36%
8 Little Richard
35%
34 Neil Young
35%
40 Simon and Garfunkel
34%
88 Jay-Z
32%
21 Otis Redding
32%
65 The Kinks
32%
70 The Police
31%
63 Tina Turner
30%
19 The Velvet Underground
29%
96 Diana Ross and the Supremes
28%
73 Radiohead
27%
97 R.E.M
26%
24 Jerry Lee Lewis
25%
48 Run-DMC
25%
60 The Sex Pistols
25%
82 Creedence Clearwater Revival
24%
56 Dr. Dre
24%
95 Lynyrd Skynyrd
23%
17 Muddy Waters
23%
37 Roy Orbison
23%
16 Sam Cooke
23%
50 The Band
23%
91 Tom Petty
23%
77 Beastie Boys
22%
62 Joni Mitchell
22%
42 Van Morrison
22%
44 Public Enemy
21%
45 The Byrds
21%
80 Elvis Costello
20%
100 Talking Heads
20%
66 Al Green
19%
25 Fats Domino
19%
68 The Temptations
19%
86 Tupac Shakur
19%
57 Grateful Dead
18%
32 Smokey Robinson and the Miracles
17%
47 Patti Smith
16%
20 Bo Diddley
15%
71 Frank Zappa
14%
84 James Taylor
14%
43 Sly and the Family Stone
14%
89 The Yardbirds
14%
74 Hank Williams
13%
79 The Four Tops
13%
90 Carlos Santana
12%
78 The Stooges
12%
99 Carl Perkins
11%
98 Curtis Mayfield
11%
54 Howlin' Wolf
10%
94 Nine Inch Nails
10%
33 The Everly Brothers
10%
53 The Allman Brothers Band
9%
81 The Drifters
8%
69 Jackie Wilson
7%
64 Phil Spector
7%
76 The Shirelles
7%
93 Booker T. and the MGs
5%
87 Gram Parsons
5%
58 Parliment and Funkadelic
4%
No matching quizzes found
Score Distribution
Percent of People with Each Score
Percentile by Number Answered
Your Score History
You have not taken this quiz